000 00632nam a2200181Ia 4500
008 100920s9999 xx 000 0 und d
082 _b69148
_a891.461 थ 93
100 _aविटणकर वंदना.
245 _aहे गीत चांदण्याचें.
260 _bसाहित्य-प्रसार-केंद्र, मुंबई.
_c1993
300 _a119
_bसाधी
365 _b65
520 _aपदय.
630 _aहे गीत चांदण्याचें.
650 _aपदय.
730 _aहे गीत चांदण्याचें.
942 _cBOOK
999 _c711369
_d711366